000 00627cam a22002293a 4500
001 23335
003 PGUSA
005 20140828083510.0
008 071105s2007||||xxu|||||s|||||000 1 eng d
040 _aPGUSA
_beng
042 _adc
050 4 _aPS
100 1 _aGarrett, Randall,
_d1927-1987
245 1 0 _aUnwise Child
_h[electronic resource] /
_cRandall Garrett
260 _bProject Gutenberg,
_c2007
506 _aPublic domain in the USA.
516 _aElectronic text
653 _aScience fiction, American
830 0 _aProject Gutenberg
_v23335
856 4 0 _uhttp://www.gutenberg.org/ebooks/23335
942 _cEB
999 _c252590
_d252590